| 000 | 00752cam a22001814a 4500 | ||
|---|---|---|---|
| 005 | 20250605164405.0 | ||
| 008 | 250528s ||||||||||||||||||||||||d | ||
| 035 | _a24789 | ||
| 040 |
_aGR-AtMCL _bgre _dGR-AtMCL _eAACR2 |
||
| 245 | 1 | _aAccess all Areas / The Reasonable Adjustments that we Can All Make to Open up Our Practices | |
| 260 |
_bBacp, _c2023 |
||
| 300 | _a74 | ||
| 520 | _aUpfront, Main Features, The Big Issue, Opinion: Callum Jones, Opinion: Craig Johnson, Experience, When Breaking Confidentiality is Your Only Choice, Conversations with the Dying, The Path Out of Burnout, Assessing a Supervisee's Fitness to Practise. Regular, Opportunities. | ||
| 700 | 1 |
_aBrown Sally _99533 |
|
| 942 | _cCR | ||
| 999 |
_c9637 _d9637 |
||